000 00563nam a2200205Ia 4500
999 _c36439
_d36439
001 2354
003 GE_BSU
005 20221027113004.0
008 181216s2011tu xx |||||||||||||| ||tur||
020 _a9781937271008
040 _cGE_BSU
041 _atur
080 _a271.22 C-74
245 _aContinied Warning of Son Ahman to the Leaders of the Nations of the Earth.
264 _c2011.
300 _a163 c.:
653 _aContinied Warning of Son Ahman to the Leaders of the Nations of the Earth
653 _aრელიგია
942 _cBK
_2udc